Mundellov-Flemingov model v režime pevného a voľného výmenného kurzu - pohľad na vývoj slovenskej koruny

Základné atribúty vývoja slovenskej koruny. Menový prehľad. Platobná bilancia SR. Formulácia základného modelu. Monetárna politika pri voľnom výmennom kurze. Hospodárska politika a Mundellov-Flemingov model.

Gespeichert in:
Bibliographische Detailangaben
1. Verfasser: Ivaničová, Zlatica
Format: Buchkapitel
Sprache:Slowakisch
Schlagworte:
Tags: Tag hinzufügen
Keine Tags, Fügen Sie das erste Tag hinzu!

MARC

LEADER 00000naa$a2200000$$$4500
001 0042151
005 20240502071513.5
041 0 |a slo 
044 |a SK 
245 1 0 |a Mundellov-Flemingov model v režime pevného a voľného výmenného kurzu - pohľad na vývoj slovenskej koruny  |c Zlatica Ivaničová 
520 |a Základné atribúty vývoja slovenskej koruny. Menový prehľad. Platobná bilancia SR. Formulácia základného modelu. Monetárna politika pri voľnom výmennom kurze. Hospodárska politika a Mundellov-Flemingov model. 
610 2 0 |a modely ekonomicko-matematické 
610 2 0 |a kurz výmenný 
610 2 0 |a vývoj hospodársky 
610 2 0 |a Slovensko 
610 2 0 |a koruna 
610 2 0 |a bilancia platobná 
610 2 0 |a bilancia obchodná 
610 2 0 |a rovnováha trhová 
610 2 0 |a politika menová 
100 1 |a Ivaničová, Zlatica